दयानन्दचरित : (Record no. 120555)
[ view plain ]
| 000 -LEADER | |
|---|---|
| fixed length control field | 01611nam a22003017a 4500 |
| 003 - CONTROL NUMBER IDENTIFIER | |
| control field | dpl |
| 005 - DATE AND TIME OF LATEST TRANSACTION | |
| control field | 20190413142040.0 |
| 008 - FIXED-LENGTH DATA ELEMENTS--GENERAL INFORMATION | |
| fixed length control field | 190413b ||||| |||| 00| 0 eng d |
| 010 ## - LIBRARY OF CONGRESS CONTROL NUMBER | |
| LC control number | B-056692 |
| 020 ## - INTERNATIONAL STANDARD BOOK NUMBER | |
| Terms of availability | 200.00 |
| International Standard Book Number | 8170770262 |
| 035 ## - SYSTEM CONTROL NUMBER | |
| System control number | B-056692, B-056696 |
| 037 ## - SOURCE OF ACQUISITION | |
| Source of stock number/acquisition | Cen Lib/Ret |
| 040 ## - CATALOGING SOURCE | |
| Original cataloging agency | DPL |
| Language of cataloging | HN |
| Transcribing agency | 0 |
| 082 ## - DEWEY DECIMAL CLASSIFICATION NUMBER | |
| Classification number | 238.35 |
| Item number | मुखोपा |
| 100 ## - MAIN ENTRY--PERSONAL NAME | |
| Personal name | मुखोपाध्याय, देवेन्द्रनाथ |
| 9 (RLIN) | 81981 |
| 245 ## - TITLE STATEMENT | |
| Title | दयानन्दचरित : |
| Statement of responsibility, etc | देवेन्द्रनाथ मुखोपाध्याय ; संपादक भवानीलाल भारतीय ; अनुवादक बाबू घासीराम |
| Remainder of title | 103 वर्ष पूर्व प्रकाशित बंगला ग्रन्थ का अनुवाद / |
| 246 ## - VARYING FORM OF TITLE | |
| Title proper/short title | Dayanandcharit : 103 varsh poorv prakashit Bangla granth ka anuvad / |
| Remainder of title | by Devendranath Mukhopadhyay ; sampadak Bhavanilal Bharteey ;anuvadak Babu Ghasiram |
| 260 ## - PUBLICATION, DISTRIBUTION, ETC. (IMPRINT) | |
| Place of publication, distribution, etc | दिल्ली |
| Name of publisher, distributor, etc | संस्कार प्रकाशन |
| Date of publication, distribution, etc | 2000 |
| 270 ## - ADDRESS | |
| Address | 4408, नई सड़क |
| City | दिल्ली |
| Postal code | 110006 |
| 300 ## - PHYSICAL DESCRIPTION | |
| Extent | 232पृ. |
| Dimensions | 20सेमी(सजिल्द) |
| 650 ## - SUBJECT ADDED ENTRY--TOPICAL TERM | |
| Topical term or geographic name as entry element | जातियों और प्रश्नोत्तर |
| 9 (RLIN) | 91212 |
| 650 ## - SUBJECT ADDED ENTRY--TOPICAL TERM | |
| Topical term or geographic name as entry element | धर्म |
| 9 (RLIN) | 91213 |
| 650 ## - SUBJECT ADDED ENTRY--TOPICAL TERM | |
| Topical term or geographic name as entry element | Creeds and catechisms |
| 9 (RLIN) | 91214 |
| 650 ## - SUBJECT ADDED ENTRY--TOPICAL TERM | |
| Topical term or geographic name as entry element | Creeds |
| 9 (RLIN) | 91215 |
| 700 ## - ADDED ENTRY--PERSONAL NAME | |
| Personal name | भारतीय, भवानीलाल |
| 9 (RLIN) | 91216 |
| 700 ## - ADDED ENTRY--PERSONAL NAME | |
| Personal name | बाबू घासीराम |
| 9 (RLIN) | 91217 |
| 942 ## - ADDED ENTRY ELEMENTS (KOHA) | |
| Source of classification or shelving scheme | Dewey Decimal Classification |
| Koha item type | Hindi Books |
| Classification part | 238.35 |
| Call number suffix | मुखोपा |
| Withdrawn status | Lost status | Damaged status | Not for loan | Home library | Current library | Date acquired | Source of acquisition | Cost, normal purchase price | Total Checkouts | Full call number | Barcode | Date last seen | Copy number | Cost, replacement price | Price effective from | Koha item type | Source of classification or shelving scheme | Collection code |
|---|---|---|---|---|---|---|---|---|---|---|---|---|---|---|---|---|---|---|
| Central Library | Central Library | 23/09/2015 | Cen Lib/Ret | 200.00 | 238.35 मुखोपा | B-056692 | 23/09/2015 | 1 | 200.00 | 23/09/2015 | Hindi Books | |||||||
| Shahdara Branch | Shahdara Branch | 13/04/2019 | BPPD/PUB | 200.00 | 238.35 मुखोपा | B-056696 | 13/04/2019 | 200.00 | 13/04/2019 | Hindi Books | Dewey Decimal Classification | Non-fiction |
